Dear Debbie /

Thriller o tom, co se stane, když se ženy konečně rozhodnou vzít spravedlnost do vlastních rukou - s vražednými následky.

Uloženo v:
Hlavní autor: McFadden, Freida (Autor)
Médium: Kniha
Jazyk:English
Vydáno: Naperville : Poisoned Pen Press, 2026
Témata:
Celkem bylo vypůjčeno:0x
Tagy:
Žádné tagy
LEADER 01205nam a22003017i 4500
001 106424
003 CZ PrSKC
005 20260602074902.0
007 ta
008 260320s2026 xxu g 000 f eng d
020 |a 9781464266485  |q (brožováno)  
040 |a BOG001  |b cze  |e rda 
072 7 |a 821.111(73)-3  |x Americká próza  |2 Konspekt  |9 25 
100 1 |a McFadden, Freida  |7 xx0305937  |4 aut  |9 114945 
245 1 0 |a Dear Debbie /  |c Freida McFadden 
264 1 |a Naperville :  |b Poisoned Pen Press,  |c 2026 
300 |a 327 stran ;  |c 20 cm 
336 |a text  |b txt  |2 rdacontent 
337 |a bez média  |b n  |2 rdamedia 
338 |a svazek  |b nc  |2 rdacarrier 
520 2 |a Thriller o tom, co se stane, když se ženy konečně rozhodnou vzít spravedlnost do vlastních rukou - s vražednými následky. 
653 0 |a americká literatura  |a psychologické thrillery  |a cizojazyčné texty  |a anglické texty 
655 7 |a americké romány  |7 fd131796  |2 czenas  |9 53403 
655 7 |a thrillery (romány)  |7 fd184206  |2 czenas  |9 54254 
910 |a UOG502 
942 |2 ddc  |c KN 
999 |d 106424 
993 |0 0  |1 421180107138  |2 ddc  |4 0  |6 XA  |7 0  |9 99845  |b 0  |c 107138  |d 2026-06-02  |e 0  |f DOSP  |g XA  |h 329.00  |i Koupě  |l DOSP  |r 2026-06-03  |t 6  |w 2026-06-02  |y KN  |z CIZO  |n